1970 1734 1940 1864 1546 1714 1713 1585 1016 1131 1827 1532 1639 1116 1481 1212 1767 1753 1171 1349 1555 1078 1868 1822 1352 1174 1210 1977 1625 1882 1301 1557 1040 1775 1927 1929 1187 1750 1671 1940 1524 1201 1821 1583 1270 1552 1559 1639 1420 1811 1537 1828 1747 1780 1148 1440 1834 1406 1819 1100 1454 1660 1762 1612 1713 1528 1162 1976 1934 1326 1476 1754 1407 1964 1148 1314 1716 1615 1274 1660 1650 1238 1543 1721 1970 1558 1813 1755 1471 1445 1782 1221 1735 1977 1062 1997 1824 1524 1449 BCNSPRNW ULIB Ver.6.0+V

เปลี่ยนเป็นภาษาไทย

Change to English
 แสดงรายละเอียดบรรณานุกรม
  กลับหน้าหลัก

Brief Record : Get Marc (ISO 2709) : E-mail record : QR code < ปิดหน้าต่าง
LEADER : 00000nam 2200000uu 4500
001    13399121847
003     ULIB
008    121212s2548||||th 000 0 tha d
020    ^a9749664434
060 04 ^aWO100^bป467ศ ล.12
245 00 ^aศัลยศาสตร์อุบัติเหตุ 12 การดูแลรักษาผู้ป่วยอุบัติเหตุ ชั่วโมงแรกที่ห้องฉุกเฉิน /^cบรรณาธิการ, ปรีชา ศิริทองถาวร, เรวัต ชุณหสุวรรณกุล, อนันต์ ตัณมุขยกุล
246 30 ^aการดูแลรักษาผู้ป่วยอุบัติเหตุ ณ ห้องฉุกเฉิน
250    ^aพิมพ์ครั้งที่ 3
260    ^aกรุงเทพฯ :^bสมาคมแพทย์อุบัติเหตุแห่งประเทศไทย,^c2548
300    ^a177 หน้า :^bภาพประกอบ ;^c21 ซม.
650  7 ^aบาดเจ็บศีรษะ
650  7 ^aผู้ป่วย
650  7 ^aแผลไหม้
650  7 ^aศัลยศาสตร์
650  7 ^aห้องฉุกเฉิน^xโรงพยาบาล
650  7 ^aอุบัติเหตุ
700 0  ^aปรีชา ศิริทองถาวร,^eบรรณาธิการ
700 0  ^aเรวัต ชุณหสุวรรณกุล,^eบรรณาธิการ
700 0  ^aอนันต์ ตัณมุขยกุล,^eบรรณาธิการ
710 2  ^aสมาคมแพทย์อุบัติเหตุแห่งประเทศไทย
945    ^p300^l0^i14272
945    ^p300^l0^i14333
995    ^aทศพร
999    ^aทศพร เกษรทอง
รายการนี้ยังไม่มีแท็ก
คุณยังไม่ได้ล็อกอิน คุณสามารถมีกิจกรรมร่วมกับเว็บไซต์ได้ แต่ต้องล็อกอินก่อน ::
  ล็อกอิน

รายการสื่อสารสนเทศ

ลำดับที่ ประเภท เลขเรียก/บาร์โค้ด สถานที่ สถานะ
1. วิทยาศาสตร์การแพทย์ และสุขภาพ
วิทยาศาสตร์การแพทย์ และสุขภาพ
WO100 ป467ศ ล.12 ฉ.1 
  Barcode: 14272
ห้องสมุดวิทยาเขตสวรรค์ประชารักษ์
►หนังสือทั่วไป
บนชั้น
2. วิทยาศาสตร์การแพทย์ และสุขภาพ
วิทยาศาสตร์การแพทย์ และสุขภาพ
WO100 ป467ศ ล.12 ฉ.2 
  Barcode: 14333
ห้องสมุดวิทยาเขตสวรรค์ประชารักษ์
►หนังสือทั่วไป
บนชั้น

รายการใกล้เคียง
    หัวเรื่อง [บาดเจ็บศีรษะ]
    หัวเรื่อง [ผู้ป่วย]
    หัวเรื่อง [แผลไหม้]
    หัวเรื่อง [ศัลยศาสตร์]
    หัวเรื่อง [อุบัติเหตุ]

BibComment


ยังไม่เคยถูกคอมเมนท์

คอมเมนท์ทรัพยากรรายการนี้
  คอมเมนท์: ศัลยศาสตร์อุบัติ..


 Copyright 2026. Bcnsprnw @Library